00892nam a2200229 a 450000100060000000300090000600800410001502000150005604000280007108200240009910000260012324500810014925000060023026000340023630000090027059001360027965000160041565000330043194200120046499900170047695201690049320681CO-ViMGA141112s2004 ck r 000 u spa d a8448136640 aCO-ViMGAbspacCO-ViMGA04aMEVIECAR.642 J691fu1 aJoyanes Aguilar, Luis10aFundamentos de programación : bAlgoritmos, estructuras de datos y objetos a3 aMadrid : bMcGrawHill, c2003 a750P aForma de adquisición : Compra fact.0542 - - Precio : 95000 - - Proveedor : Temas y libros - - Fecha de adquisición : Abril 200614aINFORMATICA14aPROGRAMACION DE COMPUTADORES 2ddccBK c29674d29674 00102ddc40708002aMEVIECARbMEVIECARd2015-12-04hVolumen. 1 | 11/jun/2009l1m1o001.642 J691fu p20681r2022-10-03 00:00:00s2017-06-24tEj. 1w2015-12-04yBK